| 000 | 00420nam a2200169Ia 4500 | ||
|---|---|---|---|
| 005 | 20250508150924.0 | ||
| 008 | 008 250505s9999 xx 000 0 eng d | ||
| 037 | _aTextual | ||
| 040 |
_aFEDL _beng _cFEDL |
||
| 041 |
_aeng _2eng |
||
| 084 |
_aFH, KHA _qFEDL |
||
| 100 |
_aKhanna Harish Chandra _9757952 |
||
| 245 | 0 | _aAmar bel | |
| 300 | _a182p. | ||
| 942 |
_cTEXL _hFH, KHA |
||
| 999 |
_c1326490 _d1326490 |
||